000 00916nam a2200241Ia 4500
003 GCL
008 140319s9999 xx 000 0 ara d
020 _a2553260977
040 _aGCL /
_cGCL
082 0 4 _a027
_bم ت
100 1 _aمحمد فتحى عبدالهادى
245 1 0 _aتكنولوجيا المعلومات فى المكتبات ومراكز المعلومات العربية بين الواقع والمستقبل /
_cمحمد فتحى عبدالهادى
700 1 _aشعبان عبدالعزيز خليفة
250 _aالاولى
260 _aالقاهرة :
_bالدار المصرية اللبنانية ،
_c1999
300 _a497 ص ؛
_c24 سم
490 _a
650 0 4 _aالتوثيق
650 0 4 _aالمكتبات، علم
650 0 4 _aالتكنولوجيا - خدمات المعلومات
650 0 4 _aالمكتبات - تنظيم وادارة
942 _2ddc
_cBK
999 _c1018
_d1018